Alimentación e identidades en el Nuevo Reino de Granada, siglos XVI y XVII / (Registro nro. 37628)

Detalles MARC
000 -CABECERA
Longitud fija campo de control 01213cam a22003497i 4500
003 - • IDENTIFICADOR DELl NÚMERO DE CONTROL
Identificador del número de control CO-ViMGA
005 - • FECHA Y HORA DE LA ÚLTIMA TRANSACCIÓN
Fecha y hora de la última transacción 20230915234240.0
008 - • CÓDIGOS DE INFORMACIÓN DE LONGITUD FIJA
Códigos de información de longitud fija 130802s2012 ck b 000 0 spa d
020 ## - • NÚMERO INTERNACIONAL NORMALIZADO PARA LIBROS
Número Internacional Normalizado para Libros (ISBN) 9587530586 (obra completa)
020 ## - • NÚMERO INTERNACIONAL NORMALIZADO PARA LIBROS
Número Internacional Normalizado para Libros (ISBN) 958753073X
020 ## - • NÚMERO INTERNACIONAL NORMALIZADO PARA LIBROS
Número Internacional Normalizado para Libros (ISBN) 9789587530582 (obra completa)
020 ## - • NÚMERO INTERNACIONAL NORMALIZADO PARA LIBROS
Número Internacional Normalizado para Libros (ISBN) 9789587530735
040 ## - FUENTE DE LA CATALOGACIÓN
Centro catalogador de origen CO-ViMGA
Lengua de catalogación spa
Centro transcriptor CO-ViMGA
043 ## - CÓDIGO DE ÁREA GEOGRÁFICA
Código de área geográfica s-ck---
082 00 - • NÚMERO DE LA CLASIFICACIÓN DECIMAL DEWEY
Número de clasificación (R) 394.109861 S15a
Número de edición 23
100 1# - • PUNTO DE ACCESO PRINCIPAL-NOMBRE DE PERSONA
Nombre de persona Saldarriaga, Gregorio,
Fechas asociadas al nombre 1973-
Término indicativo de función author.
245 10 - • TITULO PROPIAMENTE DICHO
Título Alimentación e identidades en el Nuevo Reino de Granada, siglos XVI y XVII /
Mención de responsabilidad, etc. Gregorio Saldarriaga.
250 ## - • MENCIÓN DE EDICIÓN
Mención de edición 2a. ed.
300 ## - • DESCRIPCIÓN FÍSICA
Extensión 357 pages ;
Dimensiones 21 cm.
490 1# - • MENCIÓN DE SERIE
Mención de serie Biblioteca básica de cocinas tradicionales de Colombia ;
Designación de volumen o secuencia 5
504 ## - • NOTA DE BIBLIOGRAFÍA, ETC
Nota de bibliografía, etc. Includes bibliographical references (pages 337-357).
546 ## - • NOTA DEL IDIOMA
Nota de lengua In Spanish.
648 #7 - PUNTO DE ACCESO ADICIONAL DE MATERIA - TÉRMINO CRONOLÓGICO
Término cronológico 1500 - 1699
Fuente del encabezamiento o término fast
9 (RLIN) 6953
650 #0 - • PUNTO DE ACCESO ADICIONAL DE MATERIA - TÉRMINO DE MATERIA
Término de materia o nombre geográfico como elemento inicial Food habits
Subdivisión geográfica Colombia
Subdivisión cronológica 16th century.
650 #0 - • PUNTO DE ACCESO ADICIONAL DE MATERIA - TÉRMINO DE MATERIA
Término de materia o nombre geográfico como elemento inicial Food habits
Subdivisión geográfica Colombia
Subdivisión cronológica 17th century.
650 17 - • PUNTO DE ACCESO ADICIONAL DE MATERIA - TÉRMINO DE MATERIA
Término de materia o nombre geográfico como elemento inicial Food habits.
Fuente del encabezamiento o término fast
651 #7 - • PUNTO DE ACCESO ADICIONAL DE MATERIA - NOMBRE GEOGRÁFICO
Nombre geográfico Colombia.
655 #7 - • TÉRMINO DE INDIZACIÓN - GÉNERO/FORMA
Datos o término principal de género/forma Inter-American foodways collection.
Fuente del término local
9 (RLIN) 6957
942 ## - ENTRADA DE ELEMENTOS AGREGADOS (KOHA)
Fuente de clasificaión o esquema Dewey Decimal Classification
Existencias
Perdido Fuente de clasificación o esquema Estado Físico No para préstamo Forma de adquisición Localización permanente Localización actual Fecha adquisición Fuente de adquisición Coste, precio normal de compra Serie de enumeración / cronolog&íacute;a Préstamos totales Signatura completa Código de barras Fecha última consulta Número de copia Fecha del precio de reemplazo Tipo de item de Koha
  Dewey Decimal Classification     Sala General Segundo Piso Biblioteca Pública Germán Arciniegas - Villavicencio Biblioteca Pública Germán Arciniegas - Villavicencio 10/19/2016 donación 5000.00 v.5   394.109861 S15a 31108 10/19/2016 Ej.1 10/19/2016 LIbro









Instituto Departamental de Cultura del Meta - Red Departamental de Bibliotecas Públicas del Meta.